[Event "POL Ch women"]
[Site "Lublin POL"]
[Date "1993.??.??"]
[Round "4"]
[White "Socko, Monika"]
[Black "Pilarska, Czeslawa"]
[Result "1-0"]
[WhiteElo "2210"]
[BlackElo "2170"]
[PlyCount "89"]
[EventDate "1993.??.??"]
[Source "www.chesslib.no"]
[SourceDate "2004.05.04"]

1. c4 c5 2. Nc3 Nc6 3. g3 g6 4. Bg2 Bg7 5. Nf3 e5 6. O-O Nge7 7. d3 d6 8. Rb1 O-O 9. a3 a5 10. Ne1 Be6 11. Nc2 d5 12. cxd5 Nxd5 13. Ne3 Nce7 14. Bd2 Rb8 15. Na4 b6 16. b4 cxb4 17. axb4 axb4 18. Bxb4 Re8 19. Bxe7 Nxe7 20. Rb4 Bf8 21. Rb1 Qd4 22. Nb2 Ba2 23. Nc2 Qc3 24. Na4 Qa5 25. Ra1 Qxa4 26. Qd2 Nf5 27. Bd5 Bh6 28. e3 Qd7 29. Bxa2 Nd4 30. Nxd4 exd4 31. f4 Rxe3 32. Rfe1 Bg7 33. Rac1 Rbe8 34. Bb3 Qa7 35. Rxe3 dxe3 36. Qe2 Bd4 37. Rc4 Bg7 38. Ba4 Re7 39. Bc6 Qa6 40. Ra4 Qxd3 41. Qxd3 e2 42. Ra8+ Bf8 43. Rxf8+ Kxf8 44. Qd8+ Kg7 45. Qxe7 1-0

[Event "IBCA Wch blind 10th"]
[Site "?"]
[Date "2002.11.26"]
[Round "7"]
[White "Avram Sretko"]
[Black "Jounousov Mouret"]
[Result "0-1"]
[WhiteElo "2135"]
[BlackElo "2245"]
[PlyCount "138"]
[EventDate "2002.??.??"]
[Source "www.chesslib.no"]
[SourceDate "2004.05.04"]

1. c4 c5 2. Nc3 Nc6 3. g3 g6 4. Bg2 Bg7 5. Nf3 e5 6. O-O Nge7 7. Rb1 O-O 8. a3 a5 9. d3 d6 10. Nd5 h6 11. Bd2 Nxd5 12. cxd5 Ne7 13. e4 Bd7 14. b3 Bb5 15. Qc2 f5 16. Rfe1 g5 17. h4 g4 18. Nh2 Qc8 19. f3 gxf3 20. Nxf3 fxe4 21. dxe4 Qg4 22. Kf2 Rf6 23. Re3 Raf8 24. Be1 Ng6 25. Rb2 Nxh4 26. gxh4 Rg6 27. Kg1 Rxf3 28. Rxf3 Qxf3 29. Kh1 Qg4 30. a4 Bf1 31. Qf2 Bxg2+ 32. Qxg2 h5 33. Kh2 b6 34. Re2 Kf7 35. Qxg4 Rxg4 36. Bg3 Bh6 37. Kh3 Ke7 38. Be1 Kd7 39. Bf2 Kc7 40. Be1 Kb7 41. Bg3 b5 42. axb5 Kb6 43. Rf2 Bf4 44. Bxf4 exf4 45. Rd2 Rg3+ 46. Kh2 Kxb5 47. e5 dxe5 48. d6 Rg8 49. Rd5 e4 50. Re5 Kc6 51. Rxe4 Rg4 52. Ra4 Kxd6 53. Rxa5 Rxh4+ 54. Kg2 Rg4+ 55. Kf3 Rg3+ 56. Kxf4 Rxb3 57. Ra6+ Kd5 58. Rh6 h4 59. Rh5+ Kc6 60. Ke4 Kb5 61. Rh8 h3 62. Kd5 Rd3+ 63. Ke4 c4 64. Rb8+ Kc5 65. Rb2 Rd8 66. Rh2 Re8+ 67. Kf4 c3 68. Rxh3 Kd4 69. Rh7 Rf8+ 0-1

[Event "Stulik mem"]
[Site "?"]
[Date "2001.04.19"]
[Round "2"]
[White "Dvorak Jan"]
[Black "Mikuev Erentsen"]
[Result "1/2-1/2"]
[WhiteElo "2136"]
[BlackElo "2242"]
[PlyCount "65"]
[EventDate "2001.??.??"]
[Source "www.chesslib.no"]
[SourceDate "2004.05.04"]

1. c4 c5 2. Nc3 Nc6 3. g3 g6 4. Bg2 Bg7 5. Nf3 e5 6. d3 Nge7 7. O-O O-O 8. e3 d6 9. Rb1 Rb8 10. a3 a6 11. b4 cxb4 12. axb4 b5 13. cxb5 axb5 14. d4 exd4 15. Nxd4 Nxd4 16. exd4 Qc7 17. Ne4 Be6 18. Bf4 Rb6 19. Qd2 Bc4 20. Rfe1 Nf5 21. Bg5 d5 22. Nc3 Nxd4 23. Nxd5 Bxd5 24. Bxd5 Rd6 25. Qa2 Qc2 26. Qxc2 Nxc2 27. Red1 Nd4 28. Bg2 Re6 29. Re1 Ne2+ 30. Kf1 Rfe8 31. Bf3 h6 32. Rxe2 hxg5 33. Rbe1 1/2-1/2

[Event "HUN-chT2 0203 Charousek"]
[Site "?"]
[Date "2002.12.08"]
[Round "4"]
[White "Heiligermann Gabor"]
[Black "Bardossi Jeno"]
[Result "0-1"]
[WhiteElo "2165"]
[BlackElo "2185"]
[PlyCount "111"]
[EventDate "2002.??.??"]
[Source "www.chesslib.no"]
[SourceDate "2004.05.04"]

1. c4 c5 2. Nc3 Nc6 3. g3 g6 4. Bg2 Bg7 5. Nf3 e5 6. d3 d6 7. Be3 Nge7 8. Qc1 h6 9. O-O Be6 10. Ne1 g5 11. f4 gxf4 12. gxf4 Qd7 13. Nd5 O-O-O 14. Rb1 Nd4 15. Qd2 Nxd5 16. cxd5 Bh3 17. Bxd4 cxd4 18. Rf3 Bxg2 19. Nxg2 f5 20. e4 dxe3 21. Qxe3 Kb8 22. Kh1 Qf7 23. Nh4 Qxd5 24. Nxf5 exf4 25. Qxf4 Be5 26. Qe4 Qxa2 27. d4 Bf6 28. Ra3 Qf7 29. Rba1 a6 30. b4 Qc4 31. Rb1 Rhe8 32. Qf3 Qc2 33. Rf1 Re2 34. Qg3 Qe4+ 35. Qf3 Qxf3+ 36. Raxf3 Bg5 37. b5 axb5 38. Rb3 Rd7 39. Rxb5 Be3 40. Rb3 Bg5 41. Kg1 Re4 42. Rb5 Rg4+ 43. Kh1 Rf7 44. Rd5 Rf4 45. Rxf4 Bxf4 46. Kg2 Kc7 47. Nh4 Rg7+ 48. Kh3 Rg5 49. Rxg5 Bxg5 50. Nf5 b5 51. d5 b4 52. Nd4 Kb6 53. Kg4 Kc5 54. Ne6+ Kxd5 55. Nxg5 hxg5 56. Kxg5 0-1

[Event "24th Open"]
[Site "Bad Woerishofen GER"]
[Date "2008.03.05"]
[Round "7"]
[White "Boehle, L."]
[Black "Born, B."]
[Result "1/2-1/2"]
[WhiteElo "2276"]
[BlackElo "2068"]
[PlyCount "28"]
[EventDate "2008.02.28"]
[Source "www.chesslib.no"]
[SourceDate "2004.05.04"]

1. c4 c5 2. Nc3 Nc6 3. g3 g6 4. Bg2 Bg7 5. Nf3 e5 6. O-O d6 7. d3 Nf6 8. Rb1 O-O 9. a3 a5 10. Bg5 h6 11. Bxf6 Bxf6 12. Nd5 Bg7 13. b4 axb4 14. axb4 Ne7 1/2-1/2

[Event "Weihnachtsopen Masters"]
[Site "Zurigo SVI"]
[Date "2006.12.29"]
[Round "5"]
[White "Gruner, P."]
[Black "Heimann, An"]
[Result "0-1"]
[WhiteElo "2069"]
[BlackElo "2231"]
[PlyCount "58"]
[EventDate "2006.12.26"]
[Source "www.chesslib.no"]
[SourceDate "2004.05.04"]

1. c4 c5 2. Nc3 Nc6 3. g3 g6 4. Bg2 Bg7 5. Nf3 e5 6. a3 Nge7 7. Rb1 a5 8. d3 d6 9. O-O O-O 10. Ne1 Be6 11. Nc2 d5 12. cxd5 Nxd5 13. Nxd5 Bxd5 14. Bxd5 Qxd5 15. b4 cxb4 16. axb4 a4 17. b5 Nd4 18. Ne3 Qa2 19. Rb2 Qa1 20. Nc2 Qxc1 21. Qxc1 Nxe2+ 22. Kg2 Nxc1 23. Rxc1 e4 24. Ra2 exd3 25. Nb4 Rfd8 26. Rd1 Rd4 27. Nxd3 Rad8 28. Ra3 Bf8 29. Rc3 a3 0-1

[Event "Bad Woerishofen op"]
[Site "Bad Woerishofen"]
[Date "2000.03.22"]
[Round "6"]
[White "Schneider, Richard"]
[Black "Anderberg, Peter"]
[Result "1/2-1/2"]
[WhiteElo "2200"]
[BlackElo "2099"]
[PlyCount "66"]
[EventDate "2000.03.??"]
[Source "ChessBase"]
[SourceDate "2000.05.11"]

1. c4 c5 2. Nc3 Nc6 3. g3 g6 4. Bg2 Bg7 5. Nf3 e5 6. d3 Nge7 7. Bg5 f6 8. Bd2 d6 9. O-O O-O 10. Ne1 Be6 11. Rb1 Rb8 12. Nd5 Qd7 13. Nc2 Bh3 14. b4 Bxg2 15. Kxg2 Nxd5 16. cxd5 Nxb4 17. Nxb4 cxb4 18. Bxb4 Rfc8 19. Qb3 Bf8 20. Rfc1 Rxc1 21. Rxc1 Rc8 22. Rxc8 Qxc8 23. Qa3 Qb8 24. Qa4 Be7 25. Qd7 Kf8 26. Bd2 g5 27. f4 gxf4 28. gxf4 Qe8 29. Qxb7 Qh5 30. Qc8+ Kf7 31. Qe6+ Kf8 32. Qc8+ Kf7 33. Qe6+ Kf8 1/2-1/2

[Event "FRA-chT2S 9899"]
[Site "?"]
[Date "1998.10.18"]
[Round "1"]
[White "Duverlie Vincent"]
[Black "Lemiere Frederic"]
[Result "0-1"]
[WhiteElo "2150"]
[BlackElo "2140"]
[PlyCount "84"]
[EventDate "1998.??.??"]
[Source "www.chesslib.no"]
[SourceDate "2004.05.04"]

1. c4 c5 2. Nc3 Nc6 3. g3 g6 4. Bg2 Bg7 5. Nf3 e5 6. O-O Nge7 7. e4 O-O 8. a3 a5 9. Rb1 d6 10. d3 Rb8 11. Nd5 b5 12. cxb5 Rxb5 13. Qa4 Rb8 14. Bd2 Bd7 15. Nxe7+ Qxe7 16. Qc2 Rfc8 17. Rfc1 Nd4 18. Nxd4 cxd4 19. Qd1 a4 20. b4 axb3 21. Rxb3 Be6 22. Rxb8 Rxb8 23. Bb4 Qd7 24. h4 Bh6 25. Rb1 Rc8 26. h5 Ba2 27. Ra1 Qe6 28. Kh2 Bb3 29. Qf3 Rb8 30. Bh3 Qe7 31. Qe2 Be6 32. Bxe6 Qxe6 33. hxg6 hxg6 34. Kg2 Bg5 35. Qa2 Qd7 36. Qd5 Be7 37. Rc1 Kg7 38. Rc6 Rh8 39. Kf1 Rh1+ 40. Kg2 Qh3+ 41. Kf3 Qh5+ 42. Kg2 Rb1 0-1

[Event "EST-ch sf"]
[Site "?"]
[Date "1999.03.09"]
[Round "4"]
[White "Raabis Harry"]
[Black "Lelumees Brait"]
[Result "1-0"]
[WhiteElo "2125"]
[BlackElo "2155"]
[PlyCount "69"]
[EventDate "1999.??.??"]
[Source "www.chesslib.no"]
[SourceDate "2004.05.04"]

1. c4 c5 2. Nc3 Nc6 3. g3 g6 4. Bg2 Bg7 5. Nf3 e5 6. O-O Nge7 7. d3 d6 8. a3 O-O 9. Rb1 a5 10. Ne1 f5 11. Nc2 Be6 12. Ne3 g5 13. Ned5 Ng6 14. e3 g4 15. f3 h5 16. fxg4 hxg4 17. Qe2 Bh6 18. Bd2 Rc8 19. Rbd1 Rf7 20. Nb5 Bg5 21. Rf2 Qf8 22. Re1 Bd7 23. Nb6 Re8 24. Nc7 f4 25. Nxd7 Rxd7 26. Qxg4 Rxc7 27. Qxg5 Kg7 28. exf4 exf4 29. Rxe8 Qxe8 30. Rxf4 Nd4 31. Re4 Re7 32. Bc3 Kh7 33. Bxd4 cxd4 34. Rxe7+ Qxe7 35. Qxe7+ 1-0

[Event "Lahti We LahS op"]
[Site "?"]
[Date "2002.??.??"]
[Round "4"]
[White "Linqvist Grels"]
[Black "Aijala Jouko"]
[Result "1/2-1/2"]
[WhiteElo "2112"]
[BlackElo "2159"]
[PlyCount "56"]
[EventDate "2002.??.??"]
[Source "www.chesslib.no"]
[SourceDate "2004.05.04"]

1. c4 c5 2. Nc3 Nc6 3. g3 g6 4. Bg2 Bg7 5. Nf3 e5 6. d3 Nge7 7. O-O d6 8. Ne1 O-O 9. Nc2 Rb8 10. Ne3 a6 11. a4 Nb4 12. Ned5 Nbxd5 13. Nxd5 Be6 14. Nxe7+ Qxe7 15. e4 b5 16. axb5 axb5 17. b3 Rb6 18. Bd2 Qb7 19. Bc3 bxc4 20. bxc4 Rb3 21. Qc2 Rb8 22. h3 Bd7 23. Kh2 Bc6 24. Ra5 Qd7 25. Rfa1 h6 26. Ra7 R3b7 27. R7a6 Rb6 28. Ra7 R6b7 1/2-1/2

[Event "Oberliga Ost-A 0102"]
[Site "?"]
[Date "2001.11.11"]
[Round "3.3"]
[White "Spiegelberg Olaf"]
[Black "Paehtz Thomas Jr"]
[Result "1/2-1/2"]
[WhiteElo "2057"]
[BlackElo "2204"]
[PlyCount "23"]
[EventDate "2001.??.??"]
[Source "www.chesslib.no"]
[SourceDate "2004.05.04"]

1. c4 c5 2. Nc3 Nc6 3. g3 g6 4. Bg2 Bg7 5. Nf3 e5 6. d3 Nge7 7. O-O d6 8. Rb1 O-O 9. a3 a5 10. Ne1 Be6 11. Nc2 d5 12. cxd5 1/2-1/2

[Event "RLP-chT 9899"]
[Site "?"]
[Date "1999.01.31"]
[Round "6.4"]
[White "Scherer Ralf"]
[Black "Stahl Michael"]
[Result "1/2-1/2"]
[WhiteElo "2195"]
[BlackElo "2065"]
[PlyCount "138"]
[EventDate "1999.??.??"]
[Source "www.chesslib.no"]
[SourceDate "2004.05.04"]

1. c4 c5 2. Nc3 Nc6 3. g3 g6 4. Bg2 Bg7 5. Nf3 e5 6. O-O Nge7 7. a3 a5 8. Qa4 O-O 9. b4 cxb4 10. axb4 Nxb4 11. Ba3 b5 12. cxb5 Bb7 13. Bxb4 axb4 14. Qxb4 d5 15. Rxa8 Bxa8 16. d4 e4 17. Ne5 f6 18. Ng4 Nf5 19. b6 Qd7 20. Rb1 Bb7 21. Bh3 Qf7 22. Na4 h5 23. Ne3 Nxe3 24. fxe3 f5 25. Qd6 Rc8 26. Nc5 Bf8 27. Nxb7 Bxd6 28. Nxd6 Qd7 29. Nxc8 Qxc8 30. b7 Qb8 31. Rb6 Kg7 32. Kf2 Kf7 33. Ke1 Kg7 34. Kd2 Kf7 35. Rb5 Ke6 36. Ke1 Kf7 37. Kd1 Ke7 38. Bg2 Kd6 39. Rb3 Kd7 40. Bh3 Ke6 41. Kc2 Qc7+ 42. Kb1 Qb8 43. Kb2 Kd6 44. Rb4 Kc6 45. Kb3 Kd6 46. Kc3 Kc6 47. Rb3 Kc7 48. Rb5 Kc6 49. Kb4 Kc7 50. Kc5 Qf8+ 51. Kxd5 Kb8 52. Kc4 Qd6 53. Kc3 h4 54. Kd2 hxg3 55. hxg3 Qd7 56. Rb6 Qh7 57. Bg2 Qf7 58. Ke1 g5 59. Rb2 g4 60. Kf2 Qd7 61. Rb6 Qc7 62. Rb5 Qd7 63. Rb1 Qc6 64. Bf1 Qc7 65. Bg2 Qc6 66. Rb4 Qd6 67. Rb3 Qc7 68. Bh1 Qc1 69. Bg2 Qc7 1/2-1/2

[Event "UKR"]
[Site "?"]
[Date "2006.05.08"]
[Round "7"]
[White "Kovaleva Marianna"]
[Black "Maiko Julia"]
[Result "1/2-1/2"]
[WhiteElo "2042"]
[BlackElo "2214"]
[PlyCount "62"]
[EventDate "2006.??.??"]
[Source "www.chesslib.no"]
[SourceDate "2004.05.04"]

1. c4 c5 2. Nc3 Nc6 3. g3 g6 4. Bg2 Bg7 5. Nf3 e5 6. O-O Nge7 7. d3 O-O 8. Ne1 d6 9. Nc2 Be6 10. Ne3 a6 11. Ned5 Rb8 12. Bg5 f6 13. Bd2 b5 14. b3 f5 15. Bg5 h6 16. Nxe7+ Nxe7 17. Bxe7 Qxe7 18. Nd5 Qf7 19. Rb1 f4 20. Qd2 g5 21. Qa5 Bc8 22. Qc7 Qxc7 23. Nxc7 Kh8 24. a3 Bg4 25. Bf3 Bc8 26. Bg2 Bf6 27. Nd5 Bd8 28. b4 bxc4 29. dxc4 Bf5 30. Rbd1 cxb4 31. axb4 a5 1/2-1/2

[Event "Corr"]
[Site "?"]
[Date "2000.06.20"]
[Round "?"]
[White "Pineault Wayne (USA)"]
[Black "Chandler Joseph H. (USA)"]
[Result "1-0"]
[WhiteElo "2129"]
[BlackElo "2121"]
[PlyCount "53"]
[EventDate "2000.??.??"]
[Source "www.chesslib.no"]
[SourceDate "2004.05.04"]

1. c4 c5 2. Nc3 Nc6 3. g3 g6 4. Bg2 Bg7 5. Nf3 e5 6. O-O Nge7 7. a3 a5 8. Ne1 d6 9. Nc2 Be6 10. d3 d5 11. cxd5 Nxd5 12. Bd2 O-O 13. Ne3 Nxc3 14. bxc3 Rb8 15. Rb1 Qc7 16. Nd5 Bxd5 17. Bxd5 b5 18. Qc1 Rfd8 19. Bg2 Bf8 20. Bg5 Rdc8 21. Qd2 b4 22. cxb4 axb4 23. axb4 Rxb4 24. Rfc1 Rxb1 25. Rxb1 Nd4 26. Qa2 Kg7 27. Rb7 1-0

[Event "POL-chT U20 2nd div"]
[Site "?"]
[Date "2001.??.??"]
[Round "6"]
[White "Blasik Wojciech"]
[Black "Kukla Piotr"]
[Result "1/2-1/2"]
[WhiteElo "2190"]
[BlackElo "2055"]
[PlyCount "40"]
[EventDate "2001.??.??"]
[Source "www.chesslib.no"]
[SourceDate "2004.05.04"]

1. c4 c5 2. Nc3 Nc6 3. g3 g6 4. Bg2 Bg7 5. Nf3 e5 6. O-O Nge7 7. Ne1 O-O 8. Nc2 d6 9. Ne3 Be6 10. Ned5 Qd7 11. Rb1 Bh3 12. a3 Bxg2 13. Kxg2 Nxd5 14. Nxd5 f5 15. d3 Ne7 16. Nxe7+ Qxe7 17. e4 f4 18. f3 h5 19. b4 Rf7 20. Rb2 g5 1/2-1/2

[Event "Dunajska Streda op"]
[Site "?"]
[Date "1998.??.??"]
[Round "?"]
[White "Ruckschloss Karol"]
[Black "Meszaros Lorant"]
[Result "1-0"]
[WhiteElo "2220"]
[BlackElo "2005"]
[PlyCount "99"]
[EventDate "1998.??.??"]
[Source "www.chesslib.no"]
[SourceDate "2004.05.04"]

1. c4 c5 2. Nc3 Nc6 3. g3 g6 4. Bg2 Bg7 5. Nf3 e5 6. d3 Nge7 7. Nd5 d6 8. Bg5 Qa5+ 9. Nd2 Nxd5 10. cxd5 Ne7 11. O-O h6 12. Nc4 Qc7 13. Bd2 b5 14. Na5 O-O 15. b4 cxb4 16. Bxb4 Bd7 17. Qc1 Qb6 18. Qa3 Nf5 19. e3 Rfc8 20. Rac1 Bf8 21. Rfe1 Ng7 22. Rxc8 Rxc8 23. Nc6 Ne8 24. Qxa7 Qxa7 25. Nxa7 Ra8 26. Nc6 Rxa2 27. d4 exd4 28. Nxd4 Nc7 29. Rb1 Na6 30. Be1 Bg7 31. Nc6 Nc5 32. Bf1 Bf5 33. Ne7+ Kh7 34. Nxf5 gxf5 35. Bxb5 Rb2 36. Rxb2 Bxb2 37. Bb4 Be5 38. f4 Bf6 39. Bxc5 dxc5 40. Bd3 Be7 41. Bxf5+ Kg7 42. Bd3 Bd6 43. Kf2 Kf6 44. e4 Bf8 45. e5+ Ke7 46. d6+ Kd7 47. Bb5+ Kd8 48. Ke3 f6 49. Ke4 fxe5 50. fxe5 1-0

[Event "Bad Woerishofen op"]
[Site "Bad Woerishofen"]
[Date "2000.03.23"]
[Round "7"]
[White "Hipp, Hermann"]
[Black "Eisenbeis, Norman"]
[Result "0-1"]
[WhiteElo "2032"]
[BlackElo "2164"]
[PlyCount "82"]
[EventDate "2000.03.??"]
[Source "ChessBase"]
[SourceDate "2000.05.11"]

1. c4 c5 2. Nc3 Nc6 3. g3 g6 4. Bg2 Bg7 5. Nf3 e5 6. e4 Nge7 7. O-O O-O 8. d3 d6 9. Be3 Nd4 10. Ng5 h6 11. Nh3 f5 12. f4 Be6 13. Nf2 fxe4 14. Nfxe4 Ndf5 15. Bd2 exf4 16. Bxf4 d5 17. cxd5 Nxd5 18. Nxd5 Bxd5 19. Qc2 Rc8 20. Kh1 Kh7 21. Rac1 b6 22. b3 Qd7 23. Qd1 Rcd8 24. Qe1 Bc6 25. Rd1 Nd4 26. h4 Qg4 27. Kh2 Rde8 28. Qf2 Qh5 29. Bh3 Bxe4 30. dxe4 g5 31. g4 Qg6 32. hxg5 hxg5 33. Bg2 Rxf4 34. Qe3 Be5 35. Kg1 Ref8 36. Rd3 Rxf1+ 37. Bxf1 Rf3 38. Qd2 Rxd3 39. Qxd3 Qh6 40. Bg2 Qh2+ 41. Kf2 Qf4+ 0-1

[Event "Stockholm"]
[Site "?"]
[Date "2005.06.19"]
[Round "9"]
[White "Revelj Oskar"]
[Black "Lissang Christopher"]
[Result "1-0"]
[WhiteElo "2108"]
[BlackElo "2074"]
[PlyCount "225"]
[EventDate "2005.??.??"]
[Source "www.chesslib.no"]
[SourceDate "2004.05.04"]

1. c4 c5 2. Nc3 Nc6 3. g3 g6 4. Bg2 Bg7 5. Nf3 e5 6. d3 Nge7 7. Nd2 d6 8. Nf1 Be6 9. Ne3 O-O 10. Ned5 Qd7 11. h4 h5 12. a3 Rab8 13. Bg5 f6 14. Bd2 a6 15. b4 b5 16. cxb5 axb5 17. O-O Bh3 18. Qb3 Kh7 19. Be3 Bxg2 20. Kxg2 Nf5 21. Ne4 Ncd4 22. Qa2 Nxh4+ 23. gxh4 Qg4+ 24. Ng3 Nf5 25. Rh1 Nxh4+ 26. Rxh4 Qxh4 27. Rh1 Qg4 28. f3 Qd7 29. bxc5 dxc5 30. Bxc5 Rf7 31. Ne4 Qf5 32. Ne7 Rxe7 33. Bxe7 Rc8 34. Qf7 Rc2 35. Nxf6+ Kh6 36. Ng4+ Kh7 37. Qxf5 gxf5 38. Nf2 Rxe2 39. Rxh5+ Kg6 40. Rh1 Bh6 41. Bc5 Rb2 42. Re1 Bf4 43. Kf1 Rb3 44. Re2 Kf6 45. Ra2 Ke6 46. Ke2 Kd5 47. Ba7 Bc1 48. a4 bxa4 49. Rxa4 Rb2+ 50. Kf1 Rb1 51. Ra5+ Ke6 52. Kg2 Rb2 53. Ra1 Bf4 54. Kf1 Rb3 55. Ra2 Rb4 56. Ke2 Bg3 57. Bc5 Rb5 58. Be3 Kd5 59. Nd1 Rb3 60. Kd2 Bh4 61. Ra5+ Ke6 62. Ra6+ Kf7 63. Kc2 Rb4 64. Nc3 Rb8 65. f4 exf4 66. Bxf4 Rd8 67. Kd2 Bf6 68. Ne2 Rd5 69. Ng3 Bd4 70. Rd6 Rxd6 71. Bxd6 Ke6 72. Bf4 Bg7 73. Ke3 Bh8 74. Ne2 Kd5 75. Bb8 Bg7 76. Nf4+ Kc6 77. Ne6 Bc3 78. Nd4+ Kd5 79. Nxf5 Bf6 80. Bf4 Bc3 81. Ng3 Bd4+ 82. Kd2 Bf6 83. Ne2 Bg7 84. Be3 Bf6 85. Nc3+ Ke6 86. d4 Bxd4 87. Bxd4 Kf5 88. Ke3 Ke6 89. Ke4 Kd6 90. Be5+ Kc6 91. Kd4 Kb6 92. Kd5 Kb7 93. Kc5 Ka6 94. Nd5 Kb7 95. Kb5 Ka7 96. Kc6 Ka8 97. Nb6+ Ka7 98. Bf4 Ka6 99. Bb8 Ka5 100. Nd5 Ka4 101. Ne3 Kb3 102. Be5 Kb4 103. Kb6 Ka4 104. Bc3 Kb3 105. Bd2 Ka4 106. Kc5 Kb3 107. Kb5 Ka3 108. Kc4 Kb2 109. Kb4 Ka2 110. Nc4 Kb1 111. Kb3 Ka1 112. Be3 Kb1 113. Na3+ 1-0

[Event "FRA Ch women"]
[Site "Toulouse FRA"]
[Date "1995.??.??"]
[Round "10"]
[White "Lebel-Arias, Julia"]
[Black "Dubois, Martine"]
[Result "0-1"]
[WhiteElo "2070"]
[BlackElo "2105"]
[PlyCount "100"]
[EventDate "1995.??.??"]
[Source "www.chesslib.no"]
[SourceDate "2004.05.04"]

1. c4 c5 2. Nc3 Nc6 3. g3 g6 4. Bg2 Bg7 5. Nf3 e5 6. e3 Nge7 7. d3 O-O 8. O-O d6 9. Ne1 Be6 10. a3 d5 11. cxd5 Nxd5 12. Bd2 Nde7 13. Ne4 b6 14. Qc2 h6 15. Nf3 f5 16. Nc3 Qd7 17. Rfd1 Na5 18. Re1 Bb3 19. Qb1 Rad8 20. Bf1 Qc6 21. Nh4 g5 22. Ng2 c4 23. Na2 cxd3 24. Nb4 Qa4 25. Nxd3 Bc2 26. Qa2+ Bb3 27. Qb1 Nc4 28. Bb4 Rf7 29. Bxe7 Rxe7 30. Nb4 e4 31. Bxc4+ Bxc4 32. Qc1 Qb5 33. b3 Bxb3 34. Rb1 Bc4 35. h4 Red7 36. hxg5 hxg5 37. Nc2 Qc5 38. Na1 Rd3 39. Rb4 Bc3 40. Rxc4 Qxc4 41. Rf1 Rc8 42. Ne1 Bxe1 43. Qxe1 Rc3 44. Kg2 Rc1 45. Qxc1 Qxc1 46. Rxc1 Rxc1 47. Nb3 Rc3 48. Nd4 Rxa3 49. Nxf5 b5 50. Nd6 b4 0-1

[Event "6th Gibtelecom Masters"]
[Site "Gibraltar ENG"]
[Date "2008.01.30"]
[Round "9"]
[White "Lilleoren, M."]
[Black "Mortensen, H."]
[Result "1-0"]
[WhiteElo "2065"]
[BlackElo "2035"]
[PlyCount "71"]
[EventDate "2008.01.22"]
[Source "www.chesslib.no"]
[SourceDate "2004.05.04"]

1. c4 c5 2. Nc3 Nc6 3. g3 g6 4. Bg2 Bg7 5. Nf3 e5 6. O-O Nge7 7. a3 O-O 8. Ne1 d6 9. Nc2 Be6 10. Ne3 f5 11. Ned5 Rb8 12. d3 a6 13. Rb1 b5 14. cxb5 axb5 15. b4 Qd7 16. e3 Nxd5 17. Bxd5 Bxd5 18. Nxd5 e4 19. bxc5 Ne5 20. Qb3 Nf3+ 21. Kg2 Kh8 22. cxd6 Qxd6 23. Rd1 Rfd8 24. dxe4 fxe4 25. Bb2 Ne5 26. Nf4 Qf8 27. Rxd8 Rxd8 28. Qxb5 Ng4 29. Bxg7+ Qxg7 30. Qb2 Qxb2 31. Rxb2 Ne5 32. Ne6 Re8 33. Nc5 Nc4 34. Ra2 Re5 35. Nb3 Rb5 36. Nd2 1-0

[Event "14sen.LSEM Sachsen"]
[Site "?"]
[Date "2005.07.26"]
[Round "5"]
[White "Hohn August"]
[Black "Siegmund Rainer"]
[Result "0-1"]
[WhiteElo "2020"]
[BlackElo "2069"]
[PlyCount "48"]
[EventDate "2005.??.??"]
[Source "www.chesslib.no"]
[SourceDate "2004.05.04"]

1. c4 c5 2. Nc3 Nc6 3. g3 g6 4. Bg2 Bg7 5. Nf3 e5 6. d3 Nge7 7. Ne4 O-O 8. Nd6 Qc7 9. Nxc8 Raxc8 10. O-O d5 11. cxd5 Nxd5 12. Qb3 Rcd8 13. Bg5 Nf6 14. Bxf6 Bxf6 15. e3 Qb6 16. Qxb6 axb6 17. Rfd1 Bg7 18. a3 Rd6 19. Bf1 Rfd8 20. Nd2 R6d7 21. Be2 f5 22. Nc4 b5 23. Nb6 Rd6 24. e4 Nd4 0-1

[Event "Porz Open 29th"]
[Site "Porz GER"]
[Date "1993.??.??"]
[Round "2"]
[White "Barten, Ralf"]
[Black "Nemitz, Klaus"]
[Result "0-1"]
[WhiteElo "1910"]
[BlackElo "2175"]
[PlyCount "140"]
[EventDate "1993.??.??"]
[Source "www.chesslib.no"]
[SourceDate "2004.05.04"]

1. c4 c5 2. Nc3 Nc6 3. g3 g6 4. Bg2 Bg7 5. Nf3 e5 6. d3 Nge7 7. O-O d6 8. a3 a5 9. Rb1 O-O 10. Ne1 h6 11. Nc2 f5 12. b4 Rb8 13. bxc5 dxc5 14. Ne3 Kh7 15. Ned5 Nxd5 16. Nxd5 b6 17. Bd2 Bd7 18. e3 Ne7 19. Qc2 Be6 20. Nxb6 Rxb6 21. Bxa5 Nc8 22. Rxb6 Nxb6 23. Rb1 e4 24. dxe4 Bxc4 25. Bxb6 Qd3 26. Qxd3 Bxd3 27. Rc1 c4 28. Bd4 Bxd4 29. exd4 fxe4 30. Bh3 Rd8 31. Be6 Rxd4 32. Kg2 Kg7 33. a4 Kf6 34. Bg8 Ke5 35. f4+ Kd6 36. Kf2 Kc5 37. Ke3 Rd6 38. Bf7 Kb4 39. Bxc4 Bxc4 40. Kxe4 Bb3 41. f5 Kxa4 42. fxg6 Rxg6 43. Kf5 Rg5+ 44. Kf4 Kb5 45. Rc7 Be6 46. Re7 Rg6 47. Rc7 Bh3 48. Rc1 Rf6+ 49. Ke3 Bg4 50. Rc7 Kb6 51. Rc4 Rf3+ 52. Kd2 h5 53. Ke1 Kb5 54. Rc7 Ra3 55. Rc2 Kb4 56. Kf2 Kb3 57. Rc1 Ra2+ 58. Kg1 Bh3 59. Rc5 Rg2+ 60. Kh1 Rf2 61. Rc1 Kb2 62. Re1 Kc2 63. Kg1 Rg2+ 64. Kh1 Kd2 65. Ra1 Re2 66. g4 hxg4 67. Rb1 Re1+ 68. Rxe1 Kxe1 69. Kg1 Ke2 70. Kh1 Kf3 0-1

[Event "Schneider Bohemia op-A"]
[Site "?"]
[Date "2000.??.??"]
[Round "?"]
[White "Houska Bronislav"]
[Black "Pokrupa Marek"]
[Result "1/2-1/2"]
[WhiteElo "1960"]
[BlackElo "2085"]
[PlyCount "121"]
[EventDate "2000.??.??"]
[Source "www.chesslib.no"]
[SourceDate "2004.05.04"]

1. c4 c5 2. Nc3 Nc6 3. g3 g6 4. Bg2 Bg7 5. Nf3 e5 6. O-O Nge7 7. e3 O-O 8. Rb1 d5 9. d3 dxc4 10. dxc4 Be6 11. b3 Qa5 12. Bd2 Rad8 13. Na4 Qc7 14. Nxc5 Bf5 15. e4 Bg4 16. h3 Bxf3 17. Bxf3 Rxd2 18. Qxd2 Nd4 19. Qb4 Nxf3+ 20. Kg2 Nc6 21. Qc3 Ncd4 22. b4 Rc8 23. Rfc1 b6 24. Nb3 Ng5 25. Nxd4 exd4 26. Qd3 Qc6 27. f3 Qe6 28. g4 Qe5 29. c5 bxc5 30. Qa6 Rc7 31. bxc5 Rxc5 32. Qxa7 Ra5 33. Qb8+ Qxb8 34. Rxb8+ Bf8 35. Rcc8 Ne6 36. Ra8 Rxa8 37. Rxa8 g5 38. a4 Kg7 39. a5 d3 40. Kf2 Bc5+ 41. Ke1 Nc7 42. Rb8 Be3 43. Rb3 d2+ 44. Kd1 Bf4 45. Rb6 Be3 46. Rc6 Nb5 47. a6 Kf8 48. e5 Ke7 49. a7 Nxa7 50. Rc3 Bb6 51. Rb3 Bd4 52. Kxd2 Nc6 53. Kd3 Bxe5 54. Ke4 Bg3 55. Rb7+ Ke6 56. Rb6 Kd6 57. Kf5 Kc7 58. Ra6 Bf4 59. Kf6 Ne5 60. Kg7 Kd7 61. Kf6 1/2-1/2

[Event "Oberjoch/Allgäu(16.07.-24.07)"]
[Site "?"]
[Date "2004.??.??"]
[Round "8.3"]
[White "Molzahn Norbert"]
[Black "Maugg Ludwig"]
[Result "1-0"]
[WhiteElo "1981"]
[BlackElo "2047"]
[PlyCount "72"]
[EventDate "2004.??.??"]
[Source "www.chesslib.no"]
[SourceDate "2004.05.04"]

1. c4 c5 2. Nc3 Nc6 3. g3 g6 4. Bg2 Bg7 5. Nf3 e5 6. O-O Nge7 7. a3 d6 8. Rb1 a5 9. d3 h6 10. Ne1 O-O 11. Nc2 Be6 12. b4 Rb8 13. bxc5 dxc5 14. Ne3 Qd7 15. Ned5 Bh3 16. Bxh6 Bxg2 17. Kxg2 f5 18. Bxg7 Kxg7 19. Rb5 f4 20. Nxe7 Rh8 21. Rh1 Qh3+ 22. Kg1 fxg3 23. fxg3 Nxe7 24. Qf1 Qh6 25. Rb1 Rbf8 26. Qc1 Qh5 27. Qe3 Rf7 28. Rf1 Rxf1+ 29. Kxf1 Qh3+ 30. Ke1 Nf5 31. Qxc5 Rf8 32. Kd2 Qg2 33. Qd5 Qf2 34. Ne4 Qb6 35. Qb5 Qd4 36. Qxb7+ Rf7 1-0

[Event "14sen.Bad Sooden-Allendorf op"]
[Site "?"]
[Date "2002.04.25"]
[Round "4"]
[White "Rollwitz Juergen"]
[Black "Schenk Dieter"]
[Result "1/2-1/2"]
[WhiteElo "2133"]
[BlackElo "1845"]
[PlyCount "36"]
[EventDate "2002.??.??"]
[Source "www.chesslib.no"]
[SourceDate "2004.05.04"]

1. c4 c5 2. Nc3 Nc6 3. g3 g6 4. Bg2 Bg7 5. Nf3 e5 6. d3 Nge7 7. O-O O-O 8. Rb1 d6 9. a3 a5 10. e3 h6 11. h3 Be6 12. b3 Rb8 13. Bb2 d5 14. cxd5 Nxd5 15. Nxd5 Bxd5 16. Qc2 b6 17. Nh4 Bxg2 18. Nxg2 Qd5 1/2-1/2